|
|
|
|
| LEADER |
00000nam a22000007a 4500 |
| 005 |
20151217134932.0 |
| 007 |
cr|||| ||u| |
| 008 |
151217s2015 bl ||||| |||| 00||0 por d |
| 020 |
|
|
|a 978-85-361-8648-1
|
| 035 |
|
|
|a 12989
|
| 040 |
|
|
|a vLex
|
| 090 |
|
|
|c 5760
|d 5760
|
| 100 |
1 |
|
|a Pompeu Torezan Andreucci, Ana Claudia
|
| 245 |
1 |
0 |
|a Estatuto da Crianȧ e do Adolescente. 25 Anos
|h [Recurso elecrtn̤ico] /
|c Ana Claudia Pompeu Torezan Andreucci
|
| 256 |
|
|
|a Servicio en ln̕ea
|
| 260 |
|
|
|a Brasil
|b LTR Editora
|c 2015
|
| 300 |
|
|
|a 1 recurso electrn̤ico
|
| 500 |
|
|
|a Em comemoraȯ̂ ao 25ð aniversr̀io do Estatuto da Crianȧ e do Adolescente, Lei 8069/90, a obra, por meio de estudos tranversais elaborados por diversos especialistas, apresenta reflexe̳s contemporńeas, alicerȧndo os valores e apresentando propostas para o aprimoramento futuro da normatizaȯ̂ infanto juvenil no Brasil.
|
| 506 |
1 |
|
|a Contenido solo disponible en los productos indicados
|d vLex Global
|d vLex Global (Academic Edition, excluding Law Schools)
|d vLex Global (U.S. Academic Edition, Law Schools)
|d vLex Global (U.S. Academic Edition, excluding Law Schools)
|d vLex Global (Academic Edition, Law Schools)
|
| 650 |
0 |
4 |
|a Derecho
|z Brasil
|
| 700 |
1 |
|
|a Boari Caraciola. Andrea
|
| 740 |
0 |
|
|a vLex Libros (servicio en ln̕ea)
|
| 856 |
4 |
0 |
|u http://vlex.com/source/estatuto-da-crian-a-e-do-adolescente-25-anos-12989/info
|z Acceso restringido
|
| 942 |
|
|
|c BOOK
|
| 999 |
0 |
|
|a Law
|